01391nam a2200265 a 450000100100000000500170001000800410002702000180006804000250008608200200011110000250013124500640015626000970022030000210031765000290033865000280036765000310039591000390042695201330046595201330059895201330073195201190086495201250098399900170110800001471320240412074241.0100119s2007 dr 001 m spa d z9945978420289 aDO-SdBNPbspacBNPHU aRD868.44bA185e1 aAcosta, Oscar93336810aEntre cuentos y poemas :bdos generaciones /cOscar Acosta. aSan Francisco de Macorís, República Dominicana :bEdiciones Rumbo Sur:bNacional,c2007. a101 p. ;c18 cm. 0aCuentos dominicanos9176 0aPoesía dominicana966 0aLiteratura dominicana.967 aValidado. Control de calidad BNPHU 001054708DSaGRbGRcHDd2010-01-19iLF1l0oRD868.44 A185ep14713-30r2020-06-25te. 3w2020-06-25yLFDSZPréstamo en sala 001054708DSaGRbGRcHDd2010-01-19iLF1l0oRD868.44 A185ep14713-40r2020-06-25te. 4w2020-06-25yLFDSZPréstamo en sala 001054708DSaGRbGRcHDd2010-01-19iLF1l0oRD868.44 A185ep14713-50r2020-06-25te. 5w2020-06-25yLFDSZPréstamo en sala 0010718PDaPDbPDcHDd2010-01-19iLF1l0oRD863.44 A 185ep14713-10r2020-06-25w2020-06-25yLFPDZNo se presta 0010718PDaPDbPDcHDd2010-01-19iLF1l0oRD863.44 A 185ep14713-20r2020-06-25te. 2w2020-06-25yLFPDZNo se presta c14296d14296